Statistics for UFC TITLE FIGHTS QUIZ #2

Click here to take the quiz!

General Stats

  • This quiz has been taken 37 times
  • The average score is 14 of 20

Answer Stats

HintAnswer% Correct
2022 MW (-500)Israel Adesanya
94%
2022 LW (+136)Justin Gaethje
90%
2018 LW (-595)Khabib Nurmagomedov
90%
2020 BW (-205)Petr Yan
90%
2022 LW (-135)Charles Oliveira
87%
2018 LHW (-303)Daniel Cormier
87%
2023 FW (-370)Alex Volkanovski
84%
2013 WW (-185)Georges St. Pierre
84%
2023 FW (+290)Yair Rodriguez
84%
2019 LW (+215)Dustin Poirier
81%
2016 HW (-111)Stipe Miocic
81%
2018 LW (+580)Al Iaquinta
74%
2022 MW (+460)Jared Cannonier
71%
2019 LW (-210)Max Holloway
65%
2014 MW (-161)Chris Weidman
61%
2020 BW (+200)Jose Aldo
61%
2013 WW (+185)Johny Hendricks
58%
2016 HW (+105)Alistair Overeem
39%
2018 LHW (+300)Volkan Oezdemir
32%
2014 MW (+170)Lyoto Machida
29%

Score Distribution

Percentile by Number Answered

Percent of People with Each Score

Your Score History

You have not taken this quiz